000
00272 a2200097 4500
001
55558
100
_a
245
_a
Tarikh say kuch nahin sekha; siyasat aou afwaje Pakistan
260
_a
Karachi
_b
Oxford University Press n :25317
_c
2005
090
_c
34490
_d
34490
942
_a
NUST-CAE
_c
MONOGRAPH
_c
27214
999
_c
290631
_d
290631